Chaînes de mots - Villes de France Métropolitaine - Statistiques

Statistiques générales
  • Ce quiz a été pris 230 fois
  • Le résultat moyen est 8 sur 20
Statistiques - réponses
Indices Villes % Correct
Eau minérale et ville située sur les bords du lac Léman Evian
90%
Considérée comme "capitale européenne" Strasbourg
80%
Partage le titre de capitale du champagne avec Epernay Reims
62%
Les Chamois foulent la pelouse du Stade René Gaillard Niort
60%
Ville de l'Ouest en palindrome la plus connue Laval
56%
Surnommée la Petite Venise du Languedoc Sète
54%
On y trouve des Spinaliennes Epinal
52%
Correspond à la réponse en dessous à laquelle il faut soustraire 4 Troyes
52%
La ville du Vendée Globe Les Sables d'Olonne
49%
Synonyme de direction Sens
48%
Bataille de la Guerre Franco-allemande le 01/09/1870 Sedan
38%
Le Grand Prix de F1 de 1991 à 2008 sur le circuit de _____ Magny-Cours Nevers
37%
Station thermale d'Ile de France avec son casino, son lac et son hippodrome Enghien-les-Bains
36%
Surnommée la porte du Midi Valence
29%
Les Rapaces y sont un prestigieux club de Hockey sur glace Gap
27%
Située dans la banlieue nord de Strasbourg Schiltigheim
18%
Forme une entente sportive avec St Gratien dans le Val d'Oise Sannois
16%
Amusement Plaisir
12%
Commune du Tarn au pied de la Montagne Noire Mazamet
11%
Théâtre du record du monde du décathlon de Kevin Mayer en 2018 Talence
10%
Aucun quiz correspondant
Distribution des résultats
% des personnes avec chaque résultat
Percentile par nombre de réponses
Votre historique - résultats
Vous n’avez pas pris ce quiz